[Event "Chigorin Memorial Open"]
[Site "St Petersburg RUS"]
[Date "2011.10.19"]
[Round "6.116"]
[White "Kondratiev, Denis"]
[Black "Dzhavathanov, Magomed"]
[Result "1-0"]
[WhiteElo "1960"]
[BlackElo "1793"]
[WhiteFideId "4181220"]
[BlackFideId "24106020"]
[EventDate "2011.10.14"]

1. e4 d6 2. d4 g6 3. Nc3 Bg7 4. Nf3 Bg4 5. Bc4 Nf6 6. h3 Bxf3 7. Qxf3 Nc6 8. Be3
e5 9. d5 Ne7 10. g4 h5 11. Bg5 hxg4 12. hxg4 Rxh1+ 13. Qxh1 Qd7 14. Qh4 Neg8 15.
f3 O-O-O 16. O-O-O a6 17. Rf1 Rf8 18. Ne2 b5 19. Bd3 Kb7 20. a4 Rb8 21. Qe1 Kc8
22. Qa5 Rb6 23. Be3 Rb8 24. Qxa6+ Kd8 25. Bxb5 Qe7 26. Qc6 Nd7 27. g5 Qe8 28. a5
Ne7 29. Qc4 Qh8 30. Nc3 f5 31. Na4 fxe4 32. a6 Qh3 33. a7 Ra8 34. Qxe4 Nf5 35.
Rd1 Nd4 36. Bxd4 exd4 37. Qxg6 Qh8 38. Re1 Rxa7 39. Qe6 c5 40. dxc6 d3 41. Qe7+ 1-0

[Event "Chigorin Memorial Open"]
[Site "St Petersburg RUS"]
[Date "2011.10.19"]
[Round "6.117"]
[White "Zheleznaykov, Peter"]
[Black "Lysukha, Nikita"]
[Result "1-0"]
[WhiteElo "1955"]
[BlackElo "1683"]
[WhiteFideId "24104620"]
[BlackFideId "24177610"]
[EventDate "2011.10.14"]

1. d4 d5 2. c4 e6 3. Nc3 Nf6 4. Bg5 Nbd7 5. e3 c6 6. Nf3 Bb4 7. a3 Bxc3+ 8. bxc3
Qa5 9. Qb3 Ne4 10. Qb4 Qxb4 11. cxb4 Nxg5 12. Nxg5 h6 13. Nf3 O-O 14. Bd3 Nb6
15. c5 Nd7 16. O-O Re8 17. b5 e5 18. bxc6 bxc6 19. Bf5 e4 20. Bxd7 Bxd7 21. Ne5
Re7 22. Nxd7 Rxd7 23. Rfb1 Kf8 24. Rb2 Rc8 25. Rab1 Ke7 26. h3 Kd8 27. a4 a5 28.
Rb6 Ra7 29. g4 Rcc7 30. Rb8+ Ke7 31. R1b6 f6 32. Rg8 Kf7 33. Rd8 Rab7 34. Rd6
Rxb6 35. cxb6 Rb7 36. Rxc6 Ke7 37. Rc5 Rxb6 38. Rxd5 Ra6 39. Kg2 Ke6 40. Rb5 g6
41. Kg3 g5 42. h4 Kf7 43. h5 Ke6 44. f3 exf3 45. Kxf3 Kf7 46. Ke4 Re6+ 47. Kd3
Ra6 48. Rb7+ Kg8 49. Ke4 Re6+ 50. Kf5 Rxe3 51. Kg6 Kf8 52. Kxf6 Rf3+ 53. Kg6 Rf4
54. Kxh6 Rxg4 55. Rd7 Rg1 56. Kg6 g4 57. h6 g3 58. Rf7+ Ke8 59. Rf3 g2 60. Rg3
Rd1 61. h7 g1=Q 62. h8=Q+ Ke7 63. Rxg1 Rxg1+ 64. Kf5 Rf1+ 65. Ke4 Re1+ 66. Kd5
Rd1 67. Qg7+ Ke8 68. Kd6 Re1 69. Qg8# 1-0

[Event "Chigorin Memorial Open"]
[Site "St Petersburg RUS"]
[Date "2011.10.19"]
[Round "6.118"]
[White "Bezulenko, Evgeny"]
[Black "Filin, Evgeny"]
[Result "1-0"]
[WhiteElo "1953"]
[BlackElo "1709"]
[WhiteFideId "24105996"]
[BlackFideId "24184764"]
[EventDate "2011.10.14"]

1. f4 Nf6 2. Nf3 g6 3. e3 Bg7 4. c4 c5 5. Nc3 Nc6 6. Be2 d6 7. O-O O-O 8. d3 Bg4
9. h3 Bd7 10. a3 Qc8 11. Rb1 Nh5 12. Kh2 e5 13. Ng5 h6 14. Nge4 exf4 15. Bxh5
fxe3 16. Bf3 Be5+ 17. Kg1 Bxh3 18. Bxe3 Nd4 19. Nd5 Nxf3+ 20. Qxf3 Bg4 21. Nef6+ 1-0

[Event "Chigorin Memorial Open"]
[Site "St Petersburg RUS"]
[Date "2011.10.19"]
[Round "6.119"]
[White "Safronov, Kirill"]
[Black "Edilsultanova, Zalina"]
[Result "1-0"]
[WhiteElo "1932"]
[BlackElo "1621"]
[WhiteFideId "24141976"]
[BlackFideId "24164798"]
[EventDate "2011.10.14"]

1. e4 e5 2. Bc4 Nf6 3. d4 exd4 4. Nf3 Nxe4 5. Qxd4 Nf6 6. Bg5 Be7 7. Nc3 O-O 8.
O-O-O c6 9. Qh4 Re8 10. Rhe1 d5 11. Bd3 Be6 12. Bxf6 Bxf6 13. Qxh7+ Kf8 14. h4
Na6 15. g4 Qa5 16. Ne5 d4 17. Nc4 Qd8 18. Ne4 Bxc4 19. Nxf6 Rxe1 20. Rxe1 Be6
21. Qg8+ Ke7 22. Qxg7 Qh8 23. Qxh8 Rxh8 24. Nh5 Kd6 25. f3 Nb4 26. a3 Nxd3+ 27.
cxd3 Bd5 28. Rf1 c5 29. Ng3 Re8 30. Ne4+ Ke7 31. Kd2 b6 32. Re1 Kf8 33. Ng5 Ra8
34. Re5 Bb3 35. Ne4 Be6 36. h5 Kg7 37. f4 Re8 38. Rg5+ Kh8 39. f5 Bb3 40. f6 Be6
41. Rg7 Bd5 42. Nd6 Rf8 43. Nf5 a6 44. Ne7 Be6 45. h6 Re8 46. h7 Rxe7 47. fxe7
Bd7 48. Rg8+ Kxh7 49. e8=Q 1-0

[Event "Chigorin Memorial Open"]
[Site "St Petersburg RUS"]
[Date "2011.10.19"]
[Round "6.120"]
[White "Egorov, Daniil"]
[Black "Evsyukov, Aleksey"]
[Result "1-0"]
[WhiteElo "1826"]
[BlackElo "1902"]
[WhiteFideId "24171956"]
[BlackFideId "24159557"]
[EventDate "2011.10.14"]

1. e4 c5 2. c3 d6 3. d4 cxd4 4. cxd4 Nf6 5. Bd3 Nc6 6. Ne2 e6 7. Nbc3 Be7 8. O-O
a6 9. Kh1 O-O 10. f4 b5 11. e5 Ne8 12. Be3 g6 13. Rc1 Bb7 14. Ne4 Nb4 15. Bb1 f5
16. N4c3 Rf7 17. a3 Nd5 18. Nxd5 Bxd5 19. Nc3 Bb7 20. d5 exd5 21. Nxd5 dxe5 22.
Ba2 Kg7 23. Nb6 Rf8 24. Nxa8 Qxa8 25. Rf2 Nf6 26. Rc7 Re8 27. fxe5 Ng4 28. Qd2
Nxf2+ 29. Qxf2 Bd5 30. Qh4 Qd8 31. Qf6+ Kg8 32. Bxd5+ Qxd5 33. Rxe7 1-0

[Event "Chigorin Memorial Open"]
[Site "St Petersburg RUS"]
[Date "2011.10.19"]
[Round "6.122"]
[White "Shagdurov, Denis"]
[Black "Bondarenko, Dmitry"]
[Result "0-1"]
[WhiteElo "1789"]
[BlackElo "1894"]
[WhiteFideId "24136735"]
[BlackFideId "34105708"]
[EventDate "2011.10.14"]

1. e4 c6 2. d4 d5 3. e5 e6 4. Nf3 c5 5. c3 cxd4 6. cxd4 Bb4+ 7. Nc3 Nc6 8. Bd3
Qa5 9. Bd2 Qb6 10. Nb5 Bf8 11. Qb3 Qd8 12. O-O a6 13. Nc3 b5 14. Rac1 Na5 15.
Qc2 Nc4 16. a4 Bd7 17. Ng5 Ne7 18. f4 Nc6 19. Ne2 Bb4 20. Bxb4 Nxb4 21. Qb3 Nxd3
22. Qxd3 Nxb2 23. Qh3 h6 24. Ng3 O-O 25. Nf3 Nd3 26. Nh5 Nxc1 27. Qg4 Ne2+ 28.
Kf2 g6 29. Nf6+ Kg7 30. Kxe2 Rh8 31. Nh4 bxa4 32. Kf2 Rb8 33. Kg1 Rb4 34. Qg3
Bb5 35. Rc1 Rb3 36. Qg4 Bd3 37. h3 Rb1 38. Rxb1 Bxb1 39. Qd1 Qb6 40. Qxa4 Qb5
41. Qa3 Qb7 42. Nf3 Be4 43. Nd2 Rc8 44. Nb3 Rb8 45. Kh2 Bxg2 46. Nc5 Qb1 47.
Kxg2 Rb2+ 48. Kg3 Qe1+ 49. Kf3 Qh1+ 0-1

[Event "Chigorin Memorial Open"]
[Site "St Petersburg RUS"]
[Date "2011.10.19"]
[Round "6.124"]
[White "Khatenever, Feliks"]
[Black "Sladkov, Andrey"]
[Result "0-1"]
[WhiteElo "1864"]
[BlackElo "1885"]
[WhiteFideId "4131800"]
[BlackFideId "24160350"]
[EventDate "2011.10.14"]

1. d4 d5 2. Nf3 Nf6 3. g3 c6 4. Bg2 h6 5. O-O Bf5 6. c4 dxc4 7. Ne5 Be4 8. f3
Bxb1 9. Rxb1 e6 10. Nxc4 Nbd7 11. e4 Nb6 12. Ne5 Be7 13. Be3 O-O 14. f4 Nfd7 15.
Qe2 Rc8 16. Rbd1 Nxe5 17. fxe5 Bg5 18. b3 Bxe3+ 19. Qxe3 Qc7 20. Rd2 c5 21. Rfd1
cxd4 22. Qxd4 Qc5 23. b4 Qxd4+ 24. Rxd4 Rc7 25. Bf1 Rfc8 26. Rd8+ Rxd8 27. Rxd8+
Kh7 28. Bb5 a6 29. Be8 Nc4 30. Ba4 Nxe5 31. Kg2 Kg6 32. Bb3 Kf6 33. Rd2 Rd7 34.
Rf2+ Ke7 35. Rc2 Nc6 36. Rc4 Rd2+ 37. Kg1 Rd4 38. a3 Rxc4 39. Bxc4 Nd4 40. Bd3
Kd6 41. Kf2 Ke5 42. Ke3 Nc6 43. h3 Nb8 44. a4 Nd7 45. a5 Nf6 46. Bc2 Nh5 47. Kf3
Kd4 48. Ba4 Nf6 49. b5 axb5 50. Bxb5 Nxe4 51. Bc6 bxc6 52. a6 Nd2+ 53. Ke2 Nc4
54. a7 Nb6 55. Kd2 Na8 0-1

[Event "Chigorin Memorial Open"]
[Site "St Petersburg RUS"]
[Date "2011.10.19"]
[Round "6.125"]
[White "Trofimchuk, Vladimir"]
[Black "Startsev, Andrei"]
[Result "0-1"]
[WhiteElo "1857"]
[BlackElo "1867"]
[WhiteFideId "4199227"]
[BlackFideId "24101850"]
[EventDate "2011.10.14"]

1. e4 e5 2. Bc4 Nf6 3. d3 Bc5 4. Nf3 d6 5. Bg5 Bg4 6. h3 Bh5 7. g4 Bg6 8. Nh4 h6
9. Nxg6 fxg6 10. Be3 Nbd7 11. c3 Qe7 12. b4 Bb6 13. a4 Bxe3 14. fxe3 Rf8 15. Rf1
O-O-O 16. Ra2 Nh7 17. Raf2 Qh4 18. Qe2 Rf6 19. Kd1 Qxh3 20. Nd2 Rdf8 21. Rg2
Rxf1+ 22. Nxf1 Qh1 23. Rf2 Rxf2 24. Qxf2 Nhf6 25. Be6 Kd8 26. Kc2 Ke7 27. Bb3
Qh3 28. Nh2 Nf8 29. d4 Ne6 30. Bxe6 Kxe6 31. Kd3 Ke7 32. dxe5 Nxg4 33. exd6+
cxd6 34. Nxg4 Qxg4 35. Qa2 h5 36. c4 h4 37. c5 dxc5 38. bxc5 Qd1+ 39. Kc3 Qc1+
40. Kd4 b6 41. cxb6 axb6 42. e5 h3 43. Qg8 Qb2+ 44. Ke4 Qg2+ 45. Kd4 Qg4+ 46.
Kc3 Qf5 47. Qxg7+ Ke6 48. Kd4 h2 49. Qh8 Qg4+ 50. Kc3 Qh5 51. Qf6+ Kd5 52. Qd6+
Ke4 53. Qd4+ Kf3 0-1

[Event "Chigorin Memorial Open"]
[Site "St Petersburg RUS"]
[Date "2011.10.19"]
[Round "6.126"]
[White "Stroganov, Anatoly"]
[Black "Kokhnover, Ilya"]
[Result "1-0"]
[WhiteElo "1866"]
[BlackElo "1821"]
[WhiteFideId "4178955"]
[BlackFideId "24159174"]
[EventDate "2011.10.14"]

1. d4 Nf6 2. Nf3 c5 3. e3 Nc6 4. b3 e6 5. Bb2 d5 6. Nbd2 Bd6 7. Bd3 O-O 8. O-O
Bd7 9. Ne5 Qc7 10. f4 cxd4 11. exd4 Rac8 12. c3 Ne7 13. Rc1 Bc6 14. Qe1 a6 15.
Rf3 Nd7 16. Bxh7+ Kh8 17. Rh3 Nf6 18. Qf2 Ng4 19. Nxg4 g6 20. Qh4 1-0

[Event "Chigorin Memorial Open"]
[Site "St Petersburg RUS"]
[Date "2011.10.20"]
[Round "7.1"]
[White "Lintchevski, Daniil"]
[Black "Smirnov, Pavel"]
[Result "1/2-1/2"]
[WhiteTitle "GM"]
[BlackTitle "GM"]
[WhiteElo "2558"]
[BlackElo "2580"]
[WhiteFideId "4171055"]
[BlackFideId "4123425"]
[EventDate "2011.10.14"]

1. d4 Nf6 2. c4 e6 3. Nf3 d5 4. e3 a6 5. Nc3 dxc4 6. Bxc4 b5 7. Bb3 Bb7 8. O-O
Nbd7 9. Re1 c5 10. e4 cxd4 11. Nxd4 Bc5 12. Be3 Rc8 13. f3 Ne5 14. Kh1 Qb6 15.
Nc2 O-O 16. Qe2 Rfd8 17. Rad1 Bxe3 18. Qxe3 Qxe3 19. Rxd8+ Rxd8 20. Nxe3 Nd3 21.
Rb1 Kf8 22. Kg1 g5 23. Rd1 Ke7 24. Rd2 Rd7 25. a3 h5 26. Ba2 Ne5 27. Rxd7+ Nfxd7
28. b4 Nc6 29. Nc2 Kd6 30. Kf2 Ke5 31. Ne2 Kd6 32. Ke3 Nde5 33. Ncd4 Nb8 34. Nc2
Nbd7 35. Ng3 h4 36. Nf1 Nb6 37. Nd2 Na4 38. Bb3 Nb6 39. g3 hxg3 40. hxg3 Nbd7 1/2-1/2

[Event "Chigorin Memorial Open"]
[Site "St Petersburg RUS"]
[Date "2011.10.20"]
[Round "7.4"]
[White "Maiorov, Nikita1"]
[Black "Kuzubov, Yuriy"]
[Result "1/2-1/2"]
[WhiteTitle "GM"]
[BlackTitle "GM"]
[WhiteElo "2558"]
[BlackElo "2623"]
[WhiteFideId "13501720"]
[BlackFideId "14112906"]
[EventDate "2011.10.14"]

1. d4 f5 2. c4 Nf6 3. Nc3 e6 4. e3 Bb4 5. Ne2 O-O 6. g3 d5 7. Bg2 c6 8. O-O Nbd7
9. Qc2 Qe8 10. b3 Ne4 11. Bb2 Nxc3 12. Bxc3 Bd6 13. Nf4 Nf6 14. Nd3 Qe7 15. a3
a5 16. a4 Ne4 17. Bb2 Bd7 18. Ne5 Be8 19. f3 Nf6 20. Nd3 h5 21. Qc1 h4 22. gxh4
Nh5 23. Qe1 f4 24. e4 Bg6 25. Ne5 Bxe5 26. dxe5 dxe4 27. fxe4 f3 28. Bxf3 Rf4
29. Ba3 c5 30. Qe3 b6 31. Bxh5 Rxf1+ 32. Rxf1 Bxh5 33. Bc1 Rf8 34. Rxf8+ Qxf8
35. Qh3 Qf7 36. Qd3 Qf3 37. Qxf3 Bxf3 38. Bg5 Bd1 39. Bd8 Bxb3 40. Bxb6 Bxa4 41.
Bxa5 Bb3 1/2-1/2

[Event "Chigorin Memorial Open"]
[Site "St Petersburg RUS"]
[Date "2011.10.20"]
[Round "7.5"]
[White "Burmakin, Vladimir"]
[Black "Antipov, Mikhail Al."]
[Result "1/2-1/2"]
[WhiteTitle "GM"]
[BlackTitle "IM"]
[WhiteElo "2588"]
[BlackElo "2412"]
[WhiteFideId "4105109"]
[BlackFideId "4107012"]
[EventDate "2011.10.14"]

1. Nf3 Nf6 2. c4 c6 3. Nc3 d5 4. e3 e6 5. b3 Nbd7 6. Bb2 Bd6 7. Qc2 O-O 8. Be2
Re8 9. O-O dxc4 10. bxc4 e5 11. d4 exd4 12. exd4 Nf8 13. Bd3 Ng6 14. Ne4 Nxe4
15. Bxe4 Bg4 16. Rfe1 Qa5 17. Bc3 Qh5 18. Ne5 Nxe5 19. dxe5 Bxe5 20. Bxe5 Rxe5
21. Bxh7+ Kh8 22. Bd3 Rae8 23. Rxe5 Qxe5 24. Rb1 b6 25. h3 Bc8 26. Qa4 Bf5 27.
Bxf5 Qxf5 28. Rf1 Qd7 29. Rd1 Qc7 30. c5 bxc5 31. Qc4 Qe7 32. Rc1 Kg8 33. Qxc5
Qxc5 34. Rxc5 Re1+ 35. Kh2 Re2 36. Rxc6 Rxa2 37. Rc8+ Kh7 38. Rc7 Rxf2 39. Rxa7
Rf6 40. Ra2 g6 1/2-1/2

[Event "Chigorin Memorial Open"]
[Site "St Petersburg RUS"]
[Date "2011.10.20"]
[Round "7.7"]
[White "Rasulov, Vugar"]
[Black "Khismatullin, Denis"]
[Result "0-1"]
[WhiteTitle "GM"]
[BlackTitle "GM"]
[WhiteElo "2523"]
[BlackElo "2635"]
[WhiteFideId "13402390"]
[BlackFideId "4142578"]
[EventDate "2011.10.14"]

1. e4 c5 2. Nf3 d6 3. d4 cxd4 4. Qxd4 Nc6 5. Bb5 Bd7 6. Bxc6 Bxc6 7. Nc3 Nf6 8.
Bg5 e6 9. O-O-O Be7 10. Qd3 O-O 11. Nd4 Qc7 12. f4 Rfd8 13. Kb1 Rac8 14. h4 a6
15. f5 Bd7 16. g4 Qc4 17. Qf3 b5 18. Rd2 b4 19. Nce2 Nxe4 20. Qxe4 Bxg5 21. b3
Bc6 22. Qxc6 Qxc6 23. Nxc6 Bxd2 24. Ne7+ Kf8 25. Nxc8 Rxc8 26. Rd1 Be3 27. Rxd6
exf5 28. gxf5 Re8 29. c4 Bf2 30. Nf4 Bxh4 31. Rd1 a5 32. Kc2 Bg3 33. Nd5 h5 34.
Rh1 h4 35. Kd3 g5 36. fxg6 fxg6 37. c5 Kf7 38. Ne3 Re5 39. c6 Rc5 40. Nc4 0-1

[Event "Chigorin Memorial Open"]
[Site "St Petersburg RUS"]
[Date "2011.10.20"]
[Round "7.8"]
[White "Stukopin, Andrey"]
[Black "Matlakov, Maxim"]
[Result "0-1"]
[WhiteTitle "IM"]
[BlackTitle "GM"]
[WhiteElo "2438"]
[BlackElo "2630"]
[WhiteFideId "24107131"]
[BlackFideId "4168003"]
[EventDate "2011.10.14"]

1. e4 e6 2. d4 d5 3. Nc3 Nf6 4. Bg5 Be7 5. e5 Nfd7 6. Bxe7 Qxe7 7. Nb5 Nb6 8. c3
O-O 9. f4 a6 10. Na3 c5 11. Nc2 cxd4 12. cxd4 Nc6 13. Nf3 Nc4 14. b3 Na3 15. Bd3
h6 16. O-O Bd7 17. Nxa3 Qxa3 18. Qc1 Qa5 19. Qc5 Qxc5 20. dxc5 f6 21. exf6 gxf6
22. Rfe1 Nb4 23. Bg6 Kg7 24. a3 Nc6 25. Bh5 Be8 26. Bg4 f5 27. Bh3 Kf6 28. Kf2
Bh5 29. Ne5 Nxe5 30. Rxe5 Rfc8 31. Rae1 Rc6 32. b4 b6 33. cxb6 Rxb6 34. Rc1 a5
35. b5 a4 36. g3 Be8 37. g4 fxg4 38. Bxg4 Bxb5 39. Rc7 Bd3 40. Bh5 Rf8 41. Ra7
Rb2+ 42. Ke3 Bf5 43. Kf3 Rxh2 44. Bg4 Bxg4+ 45. Kxg4 Rg8+ 46. Kf3 Rh3+ 47. Kf2
Rg4 48. Ke1 0-1

[Event "Chigorin Memorial Open"]
[Site "St Petersburg RUS"]
[Date "2011.10.20"]
[Round "7.9"]
[White "Sjugirov, Sanan"]
[Black "Mastrovasilis, Athanasios"]
[Result "1/2-1/2"]
[WhiteTitle "GM"]
[BlackTitle "GM"]
[WhiteElo "2627"]
[BlackElo "2529"]
[WhiteFideId "4189302"]
[BlackFideId "4201990"]
[EventDate "2011.10.14"]

1. e4 e5 2. Nf3 Nc6 3. Bb5 Nf6 4. O-O Nxe4 5. d4 Nd6 6. Bxc6 dxc6 7. dxe5 Nf5 8.
Qxd8+ Kxd8 9. Nc3 Be6 10. Rd1+ Kc8 11. Ng5 Bc4 12. b3 Bb4 13. Bb2 Bxc3 14. Bxc3
Bd5 15. Nh3 b6 16. Nf4 Be6 17. Nxe6 fxe6 18. Rd3 Rd8 19. Rad1 Rd5 20. Bb2 Kd7
21. c4 Rxd3 22. Rxd3+ Ke8 23. g4 Ne7 24. Bc1 Ng6 25. f4 Rd8 26. Rxd8+ Kxd8 27.
Kf2 c5 28. Bd2 Ne7 29. Ke3 Ke8 30. Ke4 g6 31. Be1 Kf7 32. Bh4 Ke8 33. Be1 Kf7
34. Bh4 Ke8 35. Bg5 Kf7 36. h3 Ke8 37. h4 Nc6 38. f5 gxf5+ 39. gxf5 Kf7 40. Bd2
Nd4 41. fxe6+ Kxe6 42. h5 Nf5 43. Kf4 Nh6 44. Ke4 Nf5 45. Kf4 Nh6 46. Be1 Nf7
47. Bh4 Nxe5 48. Bd8 Nd3+ 49. Kg5 Kf7 50. Bxc7 Nc1 51. Bb8 Nxa2 52. Bxa7 Nc1 53.
Kf5 Nxb3 54. Bxb6 Nd2 55. Bxc5 1/2-1/2

[Event "Chigorin Memorial Open"]
[Site "St Petersburg RUS"]
[Date "2011.10.20"]
[Round "7.10"]
[White "Kokarev, Dmitry"]
[Black "Ionov, Sergey"]
[Result "1/2-1/2"]
[WhiteTitle "GM"]
[BlackTitle "GM"]
[WhiteElo "2619"]
[BlackElo "2540"]
[WhiteFideId "4132181"]
[BlackFideId "4100875"]
[EventDate "2011.10.14"]

1. e4 e6 2. d4 d5 3. Nc3 Nf6 4. e5 Nfd7 5. f4 c5 6. Nf3 Nc6 7. Be3 cxd4 8. Nxd4
Qb6 9. Ncb5 a6 10. Nf5 Bc5 11. Nbd6+ Kf8 12. Qh5 Nd8 13. Nxg7 Bxe3 14. Nxe6+
fxe6 15. Qh6+ Kg8 16. Qg5+ Kf8 17. Qh6+ Kg8 18. Qg5+ Kf8 19. Qh6+ 1/2-1/2

[Event "Chigorin Memorial Open"]
[Site "St Petersburg RUS"]
[Date "2011.10.20"]
[Round "7.11"]
[White "Rakhmanov, Aleksandr"]
[Black "Gabrielian, Artur"]
[Result "0-1"]
[WhiteTitle "GM"]
[BlackTitle "GM"]
[WhiteElo "2592"]
[BlackElo "2531"]
[WhiteFideId "4173708"]
[BlackFideId "4131002"]
[EventDate "2011.10.14"]

1. Nf3 Nf6 2. c4 e6 3. Nc3 d5 4. d4 Be7 5. Bg5 h6 6. Bh4 O-O 7. e3 b6 8. Bd3 Bb7
9. O-O Nbd7 10. Qe2 c5 11. Rad1 Ne4 12. Bg3 Nxg3 13. hxg3 Qc7 14. cxd5 exd5 15.
Bf5 Rad8 16. dxc5 Nxc5 17. Nd4 Bf6 18. Qg4 Rfe8 19. Rc1 Qe7 20. Rfd1 g6 21. Bc2
h5 22. Qf3 Bg7 23. Nce2 a6 24. Nf4 Rd6 25. Nxh5 gxh5 26. Nf5 Qe5 27. Nxd6 Qxd6
28. b4 Nd7 29. Qxh5 Kf8 30. Bf5 Nf6 31. Qh4 Re5 32. Bc8 Re4 33. Qh3 Bc6 34. a3
a5 35. Bf5 Re8 36. Qh4 Re5 37. g4 axb4 38. axb4 Be8 39. Qh2 Ng8 40. Qf4 Ne7 41.
Rd2 Nxf5 42. gxf5 Qf6 43. Qd4 Qh6 44. b5 Rxf5 45. Qb4+ Kg8 46. Rc8 Re5 47. Qg4
Qd6 48. Rdc2 Kh7 49. Qh3+ Qh6 50. Qxh6+ Bxh6 51. Rd2 Bxb5 52. Rb8 Bd7 53. Rxb6
Be6 54. Rb4 Bf8 55. Rh4+ Kg7 56. Rb2 Be7 57. Ra4 Rh5 58. Rb8 Bf6 59. Rb1 Rh8 60.
Rd1 Rb8 61. Ra3 Rb2 62. Rad3 Rb5 63. Ra3 Bf5 64. Ra4 Be4 65. f3 Bf5 66. Ra2 Be6
67. Rad2 Bc3 68. Rd3 Ba5 69. Kh2 Bc7+ 70. Kg1 Kf6 71. Kf2 Ba5 72. g4 Bc7 73.
R1d2 Bb6 74. Rd1 Rb4 75. Kg3 Rb2 76. f4 Bc8 77. Rxd5 Bxe3 78. g5+ Kg7 79. Kf3
Ba7 80. R5d2 Rb4 81. Rc2 Rb3+ 82. Kg2 Bb7+ 83. Kh2 Bb8 84. Rd4 Kg6 85. Rcc4 Kf5
86. Rb4 Rxb4 87. Rxb4 Bxf4+ 88. Kh3 Ba6 89. Rb6 Bf1+ 90. Kh4 Bxg5+ 91. Kg3 Bc4
92. Rb4 Be6 93. Rb5+ Kg6 94. Rb6 Bd8 95. Rc6 Kf5 96. Rc5+ Ke4 97. Rc1 Bg5 98.
Re1+ Be3 0-1

[Event "Chigorin Memorial Open"]
[Site "St Petersburg RUS"]
[Date "2011.10.20"]
[Round "7.12"]
[White "Girya, Olga"]
[Black "Jumabayev, Rinat"]
[Result "1/2-1/2"]
[WhiteTitle "WGM"]
[BlackTitle "GM"]
[WhiteElo "2390"]
[BlackElo "2589"]
[WhiteFideId "4195752"]
[BlackFideId "13702661"]
[EventDate "2011.10.14"]

1. d4 Nf6 2. Nf3 e6 3. c4 d5 4. Nc3 Be7 5. Bg5 h6 6. Bh4 O-O 7. e3 b6 8. Bd3 Bb7
9. O-O Nbd7 10. Qe2 c5 11. Rac1 cxd4 12. exd4 Rc8 13. cxd5 Nxd5 14. Nxd5 Bxh4
15. Rxc8 Qxc8 16. Qe4 g6 17. Qxh4 Bxd5 18. Qxh6 Bxf3 19. Bxg6 fxg6 20. Qxg6+ Kh8
21. Qh6+ Kg8 22. Qg6+ Kh8 23. Qh6+ Kg8 24. Qg6+ 1/2-1/2

[Event "Chigorin Memorial Open"]
[Site "St Petersburg RUS"]
[Date "2011.10.20"]
[Round "7.13"]
[White "Bocharov, Dmitry"]
[Black "Eliseev, Urii"]
[Result "1-0"]
[WhiteTitle "GM"]
[WhiteElo "2582"]
[BlackElo "2441"]
[WhiteFideId "4138716"]
[BlackFideId "24131920"]
[EventDate "2011.10.14"]

1. c4 e5 2. Nc3 Nc6 3. g3 g6 4. Bg2 Bg7 5. Rb1 d6 6. b4 a6 7. e3 Be6 8. d3 Nge7
9. Nd5 Nc8 10. Ne2 Qd7 11. O-O Nd8 12. e4 c6 13. Ne3 Ne7 14. d4 Bh3 15. Bxh3
Qxh3 16. d5 cxd5 17. exd5 Qd7 18. c5 b5 19. a4 h5 20. axb5 axb5 21. Nc3 f5 22.
c6 Qc8 23. Nxb5 Nf7 24. Nc4 Qb8 25. Nba3 1-0

[Event "Chigorin Memorial Open"]
[Site "St Petersburg RUS"]
[Date "2011.10.20"]
[Round "7.14"]
[White "Shomoev, Anton"]
[Black "Oparin, Grigoriy"]
[Result "1/2-1/2"]
[WhiteTitle "GM"]
[BlackTitle "IM"]
[WhiteElo "2577"]
[BlackElo "2413"]
[WhiteFideId "4135148"]
[BlackFideId "24125890"]
[EventDate "2011.10.14"]

1. e4 c5 2. Nf3 d6 3. d4 cxd4 4. Nxd4 Nf6 5. Nc3 a6 6. Be3 e6 7. g4 b5 8. g5
Nfd7 9. a3 Bb7 10. h4 Nc6 11. h5 Rc8 12. Nxc6 Rxc6 13. Qd4 Ne5 14. O-O-O Nf3 15.
Qa7 Qc8 16. Be2 Rxc3 17. bxc3 Bxe4 18. Rh3 Qxc3 19. Qb8+ Kd7 20. Qa7+ Ke8 21.
Qb8+ Kd7 22. Qa7+ Ke8 1/2-1/2

[Event "Chigorin Memorial Open"]
[Site "St Petersburg RUS"]
[Date "2011.10.20"]
[Round "7.15"]
[White "Kovchan, Alexander"]
[Black "Vlasenko, Miroslav"]
[Result "1-0"]
[WhiteTitle "GM"]
[BlackTitle "IM"]
[WhiteElo "2569"]
[BlackElo "2382"]
[WhiteFideId "14103052"]
[BlackFideId "4151887"]
[EventDate "2011.10.14"]

1. e4 Nc6 2. Nf3 d6 3. d4 Nf6 4. Nc3 g6 5. h3 Bg7 6. Be3 O-O 7. d5 Nb8 8. Bc4 c6
9. a4 Qc7 10. O-O a5 11. Re1 Na6 12. Qd2 Nb4 13. Bb3 Nd7 14. Bh6 Nc5 15. Bxg7
Kxg7 16. Bc4 e5 17. Rad1 f6 18. Re2 cxd5 19. Bxd5 Bd7 20. b3 Rad8 21. Ne1 Bc6
22. Qe3 Qe7 23. Bc4 f5 24. exf5 Rxf5 25. Nd5 Bxd5 26. Bxd5 Rdf8 27. Bc4 R8f6 28.
c3 Nc6 29. Nd3 Ne6 30. Bd5 Rf8 31. Red2 R5f6 32. Bxc6 bxc6 33. Nxe5 Nc5 34. Nxc6
Qxe3 35. fxe3 Ne4 36. Rc2 h5 37. Nd4 Ng3 38. Nf3 g5 39. Rd5 g4 40. hxg4 hxg4 41.
Nh2 Kg6 42. Rxa5 Ne4 43. Rd5 g3 44. Nf3 Rh8 45. b4 Kf7 46. Rd4 d5 47. Rxd5 Rfh6
48. Kf1 Rh1+ 49. Ke2 R8h2 50. Kd3 Nf2+ 51. Rxf2 gxf2 52. Nxh2 Ke6 53. Rd4 Rxh2
54. Ke2 Rxg2 55. a5 1-0

[Event "Chigorin Memorial Open"]
[Site "St Petersburg RUS"]
[Date "2011.10.20"]
[Round "7.16"]
[White "Alekseenko, Kirill"]
[Black "Zontakh, Andrey"]
[Result "1/2-1/2"]
[WhiteTitle "FM"]
[BlackTitle "GM"]
[WhiteElo "2303"]
[BlackElo "2569"]
[WhiteFideId "4135539"]
[BlackFideId "14101130"]
[EventDate "2011.10.14"]

1. e4 c5 2. Nf3 e6 3. d4 cxd4 4. Nxd4 a6 5. Nc3 Qc7 6. Be2 b5 7. Bf3 Nc6 8. Nxc6
dxc6 9. O-O Bd6 10. g3 Nf6 11. a4 Rb8 12. Bg2 e5 13. axb5 axb5 14. h3 O-O 15.
Be3 Rd8 16. Qe2 Be6 17. b3 Bb4 18. Na2 Ba5 19. f4 c5 20. g4 Qc6 21. Rad1 Rxd1
22. Rxd1 exf4 23. Bxf4 Rd8 24. Rxd8+ Bxd8 25. Nc3 c4 26. Nd5 h6 27. bxc4 bxc4
28. Nxf6+ Bxf6 29. Be3 Be7 30. Bf4 Bf6 31. Be3 Be7 32. Bf4 1/2-1/2